Score 0/12 Timer 03:00
2 Plays Today
Clue Color % Correct
UBLEBl[U]e
99%
ERD[R]ed
98.7%
ORNBWBrow[N]
98.4%
KNIPP[I]nk
98.4%
KCBAL[B]lack
98.2%
ATEL[T]eal
96.5%
GANEROOrang[E]
93.7%
GIDNIOI[N]digo
92%
NAMLOS[S]almon
82.6%
TAGNAMEMage[N]ta
78.1%
CHAFSIUFuchsi[A]
51.6%
Mystery Color (2 words)Burnt Sienna
20.6%

You're not logged in!

Compare scores with friends on all Sporcle quizzes.
OR
Log In

Sporcle TV

Today on Sporcle TV


Watch our educational content, quiz creation guides, and fun videos on Sporcle TV.

Show Comments

Extras

Top Quizzes Today


Score Distribution

Paid Content

Your Account Isn't Verified!

In order to create a playlist on Sporcle, you need to verify the email address you used during registration. Go to your Sporcle Settings to finish the process.

Report this User

Report this user for behavior that violates our Community Guidelines.

Details: